[Event "GER-chT U16"]
[Site "Kiel"]
[Date "2022.07.25"]
[Round "5.5"]
[White "Seiler, Leon"]
[Black "Wehrle, Valentin"]
[Result "0-1"]
[WhiteElo "1164"]
[BlackElo "1440"]
[PlyCount "140"]
[EventDate "2022.07.22"]
[EventType "team-swiss"]
[EventRounds "7"]
[EventCountry "GER"]
[SourceTitle "CBM 209 Extra"]
[Source "ChessBase"]
[SourceDate "2022.09.30"]
[SourceVersion "1"]
[SourceVersionDate "2022.09.30"]
[SourceQuality "1"]
[WhiteTeam "Ansbach"]
[BlackTeam "Brombach"]
[WhiteTeamCountry "GER"]
[BlackTeamCountry "GER"]

1. e4 c5 2. Nf3 e6 3. b4 cxb4 4. d4 d5 5. e5 Nc6 6. a3 bxa3 7. c3 Bd7 8. Nxa3 a6 9. Bd3 Be7 10. Qc2 f5 11. exf6 Nxf6 12. Ng5 h6 13. Bg6+ Kf8 14. Nf7 Qa5 15. Nxh8 Nxd4 16. Qb2 Nc6 17. Nc4 Qc7 18. Qb6 Qc8 19. Na5 Ne5 20. Qd4 Qc7 21. Bd3 Bc5 22. Ba3 Nxd3+ 23. Qxd3 Qxa5 24. Bxc5+ Qxc5 25. Ng6+ Ke8 26. Ne5 Ne4 27. Qc2 Qxc3+ 28. Qxc3 Nxc3 29. Rc1 Rc8 30. f3 Nb5 31. Rxc8+ Bxc8 32. Kd2 b6 33. Rc1 Bb7 34. Ng6 Kd7 35. Ne5+ Ke7 36. Ng6+ Kd6 37. Kd3 e5 38. Re1 e4+ 39. fxe4 dxe4+ 40. Ke3 Nc3 41. Rc1 Nd5+ 42. Kd4 b5 43. Nh4 Ne7 44. g3 g5 45. Ng2 Nf5+ 46. Kc3 a5 47. Rf1 Ke5 48. g4 Nd6 49. Rf8 b4+ 50. Kc2 a4 51. Ne3 b3+ 52. Kb2 Kd4 53. Nf5+ Nxf5 54. gxf5 Ke5 55. f6 Ke6 56. f7 e3 57. Rb8 Kxf7 58. Rxb7+ Kf6 59. Kc3 Kf5 60. Kd3 Kf4 61. Rf7+ Kg4 62. Rb7 Kf3 63. Rf7+ Kg2 64. h3 b2 65. Rb7 a3 66. Kxe3 Kxh3 67. Rb3 a2 68. Kd2+ Kg4 69. Rxb2 a1Q 70. Kc2 Qxb2+ 0-1

[Event "GER-chT U16"]
[Site "Kiel"]
[Date "2022.07.24"]
[Round "4.7"]
[White "Wehrle, Valentin"]
[Black "Kern, Alexander"]
[Result "1/2-1/2"]
[WhiteElo "1440"]
[BlackElo "1418"]
[PlyCount "62"]
[EventDate "2022.07.22"]
[EventType "team-swiss"]
[EventRounds "7"]
[EventCountry "GER"]
[SourceTitle "CBM 209 Extra"]
[Source "ChessBase"]
[SourceDate "2022.09.30"]
[SourceVersion "1"]
[SourceVersionDate "2022.09.30"]
[SourceQuality "1"]
[WhiteTeam "Brombach"]
[BlackTeam "Frankenthal"]
[WhiteTeamCountry "GER"]
[BlackTeamCountry "GER"]

1. d4 Nf6 2. c4 e6 3. g3 d5 4. Bg2 Be7 5. Nf3 0-0 6. 0-0 b6 7. Nc3 Bb7 8. Ne5 c5 9. Be3 cxd4 10. Qxd4 Bc5 11. Qd2 Bxe3 12. fxe3 Qc7 13. Qd4 dxc4 14. Qxc4 Qxc4 15. Nxc4 Bxg2 16. Kxg2 Rd8 17. Rfd1 Na6 18. Nb5 Nc5 19. Rxd8+ Rxd8 20. Nxa7 Ra8 21. Nc6 Nd5 22. Kf3 Ra4 23. Nd2 h5 24. Ne5 Rb4 25. b3 Rb5 26. Nd3 Nd7 27. a4 Ra5 28. Rc1 N5f6 29. e4 b5 30. axb5 Rxb5 31. h3 g5 1/2-1/2

[Event "GER-ch Youth-B"]
[Site "Willingen"]
[Date "2022.06.08"]
[Round "5"]
[White "Wehrle, Valentin"]
[Black "Sari, Reber Furkan"]
[Result "0-1"]
[WhiteElo "1522"]
[BlackElo "1292"]
[PlyCount "108"]
[EventDate "2022.06.04"]
[EventType "swiss"]
[EventRounds "9"]
[EventCountry "GER"]
[SourceTitle "CBM 208 Extra"]
[Source "ChessBase"]
[SourceDate "2022.07.31"]
[SourceVersion "1"]
[SourceVersionDate "2022.07.31"]
[SourceQuality "1"]

1. d4 d5 2. c4 dxc4 3. e4 Nf6 4. Nc3 e6 5. Bxc4 Bb4 6. e5 Nd5 7. Nge2 0-0 8. 0-0 c6 9. Nxd5 cxd5 10. Bb3 Nc6 11. Bd2 Bd7 12. Rc1 Qb6 13. Bxb4 Qxb4 14. a3 Qb6 15. Rb1 Rac8 16. Ba4 Rc7 17. b3 Rfc8 18. Rc1 Nxd4 19. Bxd7 Nxe2+ 20. Qxe2 Rxc1 21. Bxc8 Rxc8 22. Rb1 Rc3 23. Qd1 Qc5 24. a4 Rc2 25. Qe1 Qc3 26. Qxc3 Rxc3 27. Kf1 h6 28. Ke2 Kh7 29. Kd2 Rc7 30. Kd3 Kg6 31. f4 Kf5 32. g3 f6 33. exf6 gxf6 34. Rf1 b6 35. h3 Kg6 36. g4 e5 37. fxe5 fxe5 38. Rf5 Re7 39. b4 a6 40. b5 a5 41. Ke3 Re6 42. Kd3 Re8 43. Ke3 Re7 44. Kd3 d4 45. Ke4 Rd7 46. Kd3 e4+ 47. Kxe4 d3 48. Rf1 d2 49. Rd1 Kg5 50. Ke3 Kh4 51. Kf3 Rd8 52. Kf4 Kxh3 53. g5 hxg5+ 54. Kxg5 Kg3 0-1

[Event "Davos Summer op"]
[Site "Davos"]
[Date "2021.08.08"]
[Round "5"]
[White "Wehrle, Valentin"]
[Black "Reust, Erika"]
[Result "1-0"]
[WhiteElo "1487"]
[BlackElo "1738"]
[PlyCount "103"]
[EventDate "2021.08.05"]
[EventType "swiss"]
[EventRounds "5"]
[EventCountry "SUI"]
[SourceTitle "EXT 2022"]
[Source "ChessBase"]
[SourceDate "2021.10.06"]
[SourceVersion "1"]
[SourceVersionDate "2021.10.06"]
[SourceQuality "1"]

1. d4 Nf6 2. c4 c5 3. d5 b5 4. e3 b4 5. Nf3 Bb7 6. Be2 g6 7. b3 Bg7 8. Bb2 0-0 9. 0-0 d6 10. Qc2 Nbd7 11. Nbd2 Qc7 12. Bd3 Rfe8 13. Rfe1 e5 14. e4 a5 15. h3 Nb6 16. Red1 Nh5 17. Nh2 Bc8 18. Ndf1 Nf4 19. Ng3 h5 20. Ne2 g5 21. Nxf4 gxf4 22. Qe2 h4 23. f3 Qe7 24. Qc2 Qg5 25. Kh1 Bf6 26. Rg1 Kg7 27. a4 Rh8 28. Qf2 Kf8 29. Rad1 Ke7 30. Rd2 Bd7 31. Bc2 Rag8 32. Re2 Rg6 33. Ree1 Rhg8 34. Rd1 Nc8 35. Ng4 Bxg4 36. fxg4 Kd7 37. Bd3 Ne7 38. Rdf1 R6g7 39. Bc1 Ng6 40. Qc2 Qh6 41. Qe2 Bg5 42. Qf3 Nf8 43. Re1 Nh7 44. Ref1 Be7 45. Qd1 Ng5 46. Kh2 Qg6 47. Qe2 Qh6 48. Qd1 Nh7 49. Be2 Nf6 50. Bf3 Rg5 51. Qe2 Nh7 52. Qd1 1-0